| 000 | 00674nam a2200205 a 4500 | ||
|---|---|---|---|
| 001 | 000043207 | ||
| 005 | 20250428130105.0 | ||
| 008 | 140225s200u dr c 000 0 spa d | ||
| 040 |
_aDO-SdBNP _bspa _cBNPHU |
||
| 082 |
_a248.4 _bS232u |
||
| 100 | 1 |
_aSantana Alburquerque, Ezequiel _970796 |
|
| 245 | 1 | 4 |
_aUna iglesia primitiva en la República Dominicana / _cEzequiel Santana Alburquerque. |
| 260 |
_a[Santo Domingo : _bs.n., _c20--?]. |
||
| 300 |
_a210 p. : _bil., retrs. ; _c21 cm. |
||
| 590 | _aInventariado, 2018/ YL | ||
| 650 | 0 |
_aProtestantismo _94373 |
|
| 650 | 4 |
_aEvangelización _9476 |
|
| 650 | 0 |
_aVida cristiana _9668 |
|
| 910 | _aValidado. Control de calidad EMS | ||
| 999 |
_c42696 _d42696 |
||